000 00643nam a2200217Ia 4500
003 OSt
005 20220926030307.0
006 a|||||r|||| 00| 0
007 ta
008 220923b |||||||| |||| 00| 0 eng d
037 _cGeneral Book
040 _aRTL
_cRTL
_beng
041 _2eng
_aeng
082 _aX:77:(G:55).931.N9, N9
245 0 _aLIVING STORIES exemplary Philippine practices on e
260 _aPhillippines
_bFoundation for a Sustainable Society
_c1999
300 _a232p.
_ccm.
650 _aEconomic Development
_917300
942 _hX:77:(G:55).931.N9, N9
_cGB
_2CC
999 _c649203
_d649203